000 00715 a2200169 4500
003 Nust
005 20221201121233.0
040 _cNust
082 _a534,MOO
100 _a Moore, John Edwin.
_945426
245 _aDesign for good acoustics /
_cEdward D. Mills.
260 _aLondon,
_bArchitectural Press
_c[1961]
300 _a91 p. illus.
_b 22 cm.
505 _aForward (Page-5), Acknowledgements (Page-8), Introduction (Page-9), The Properties of sound (Page-11), The Bchaviour of Sound in an Enclosed Space (Page-19), Design for Good Acoustics (Page-33), Examples and their Individual Requirements (Page-52), Appendix (Page-75).
650 _aDesign for good acoustics.
_9103892
942 _2ddc
_cBK
_k534,MOO
999 _c184037
_d184037